000 00799nam a2200241 i 4500
001 C2-0341669
003 PPAK
005 20180728143304.0
008 170606s1991 my a|||| ||||| | may d
040 _aPPAK
_beng
_cPPAK
_erda
082 0 4 _a354.5609595113
_223
090 0 0 _a354.5609595113
_bMZA
_dKK
100 0 _aM.Z. Azmie,
_cDato'
_eauthor
245 1 0 _aSeabad bersama anda :
_bsejarah Jabatan Perkhidmatan Haiwan Negeri Pulau Pinang
264 1 _aPulau Pinang :
_bJabatan Perkhidmatan Haiwan negeri Pulau Pinang ,
_c1991
300 _a60 pages :
_billustrations ;
_c27 cm
336 _2rdacontent
_atext
337 _2rdamedia
_aunmediated
338 _2rdacarrier
_avolume
500 _aIncludes references pages
650 1 0 _aAnimal culture History - Pulau Pinang.
942 _ddc
_cB
999 _c138689
_d138689